000
00273 a2200109 4500
020
_a
9780860915461
041
_a
eng
100
_a
Anderson, Benedict
245
_a
Imagined communtities : reflections on the origin and spread of nationalism
942
_c
BK
999
_c
10926
_d
10926
999
_d
10926